Atracciones turísticas por opiniones negativas - Estadísticas

Estadísticas generales
  • Esta prueba ha sido intentada 16 veces
  • La puntuación promedio es 7 de 14
Estadísticas de respuestas
Opinión Atracción % Correcto
Es una mafia, siendo peruanos, todo te lo quieren cobrar en dólares. Machu Picchu
94%
Increíble como se abusan del extranjero. Soy argentino vine a mostrarle a mi novia las cataratas, la peor experience y no debido a la naturaleza. Cataratas del Iguazú
75%
Amasijo de hierro oxidado y sucio, mal oriente, en definitiva descuidado. Torre Eiffel
75%
Fui con la ilusión de ver la zona real, cuadros de personajes como Francisco I o Luis XIII y nada. Ni la zona de María Antonieta, así que si vas a pagar es para ver tres zonas contadas Museo del Louvre
63%
¡El Cristo nunca lo ví! Cristo Redentor
56%
Nada parecido a lo que era 10 años atrás. Hasta hay pantallas apagadas. Qué lástima lo que ahora New York Times Square
56%
La arquitectura es diferente, para mí es monstruosa, la fachada principal parece que es de barro derritiéndose, pero lo peor es la estafa monumental de subir a las torres. Sagrada Familia
50%
Es una estafa. Cuatro piedras que cuando estás ahí son casi del tamaño de una persona. Stonehenge
50%
Agra es horrible y terriblemente sucia. Los vendedores te hostigan todo el tiempo. Taj Mahal
50%
Casi 50€ para las plantas 124-125, y es realmente pequeño Burj Khalifa
44%
Si haces foto y a lo lejos ha salido un camello te vienen pidiendo dinero. Pirámides de Giza
38%
La seguridad que hace un rato con voz de princesa te daba la bienvenida se transforman gorilas en celo a los gritos. Walt Disney World
38%
Te venden como una maravilla del mundo antiguo, pero cuando llegas, te das cuenta de que buena parte está reconstruida y modernizada. Coliseo de Roma
19%
NO SE OS OCURRA IR A NINGÚN CONCIERTO EN LA MARINA Ciudad de las Artes y las Ciencias
13%
No se encontraron pruebas coincidentes
Distribución de puntuación
Porcentaje de gente con cada puntuación
Porcentaje por número respondido
Historial de tus puntuaciones
No has intentado esta prueba.